Những Ông vua nổi tiếng trong lịch sử Trung Quốc T.1 /

Sách giới thiệu tiểu sử của các ông vua nổi tiếng của Trung Hoa qua các triều đại.

保存先:
書誌詳細
第一著者: Tiêu Lê.
その他の著者: Vũ Ngọc Quỳnh (dịch.)
フォーマット: 図書
言語:Vietnamese
出版事項: Đà Nẵng : Nxb Đà Nẵng, 2000.
主題:
タグ: タグ追加
タグなし, このレコードへの初めてのタグを付けませんか!
Thư viện lưu trữ: Mạng thư viện Đại học Đà Nẵng
LEADER 01114cam a2200361 i 4500
001 000046546
003 6044
005 20030818203347.0
008 010307b2000 vm 000 vie
020 |c 56000 
040 |a IRC  |c IRC  |d IRC 
041 0 |a vie 
082 1 4 |a 923.1  |b TI-L 
100 1 |a Tiêu Lê. 
245 0 6 |a Những Ông vua nổi tiếng trong lịch sử Trung Quốc  |n T.1 /  |c Tiêu Lê ; Vũ Ngọc Quỳnh dịch. 
260 |a Đà Nẵng :  |b Nxb Đà Nẵng,  |c 2000. 
300 |a 679tr. ;  |c 19cm. 
520 3 |a Sách giới thiệu tiểu sử của các ông vua nổi tiếng của Trung Hoa qua các triều đại. 
630 0 4 |a Lịch sử Trung Quốc. 
630 0 4 |a Tiểu sử nhân vật. 
630 0 4 |a Nhân vật lịch sử Trung Quốc. 
650 0 4 |a Nhân vật lịch sử  |x Tiểu sử. 
700 1 |a Vũ Ngọc Quỳnh,  |e dịch. 
OWN |a DUT 
999 |a From the UDN01 
TYP |a Monograph 
TYP |a Printed language 
980 |a Mạng thư viện Đại học Đà Nẵng